| Tag |
First Indicator |
Second Indicator |
Subfields |
| LEADER |
00000cgm a2200000 i 4500 |
| 001 |
in00005515230 |
| 006 |
m o c |
| 007 |
vz |za||| |
| 007 |
cr |za|||||||| |
| 008 |
190620s2019 enk--- f o vleng d |
| 005 |
20241105202957.4 |
| 035 |
|
|
|a (OCoLC)on1108716411
|
| 040 |
|
|
|a SGPBL
|b eng
|e rda
|e pn
|c SGPBL
|d OCLCF
|d OCLCO
|d MUU
|d OCLCO
|d AZK
|d OCLCL
|d OCLCQ
|
| 019 |
|
|
|a 1319450952
|a 1354817620
|
| 020 |
|
|
|a 9781529705461
|q (streaming video)
|
| 020 |
|
|
|a 1529705460
|
| 035 |
|
|
|a (OCoLC)1108716411
|z (OCoLC)1319450952
|z (OCoLC)1354817620
|
| 041 |
0 |
|
|j eng
|
| 050 |
|
4 |
|a HV881
|b .W67 2019
|
| 082 |
0 |
4 |
|a 362.7330973
|
| 049 |
|
|
|a TXAM
|
| 245 |
0 |
0 |
|a Working with foster carers in social work.
|
| 264 |
|
1 |
|a London :
|b SAGE Publications Ltd,
|c 2019.
|
| 300 |
|
|
|a 1 online resource (1 video file (00:23:13)) :
|b sound, colour
|
| 336 |
|
|
|a two-dimensional moving image
|b tdi
|2 rdacontent
|
| 337 |
|
|
|a computer
|b c
|2 rdamedia
|
| 337 |
|
|
|a video
|b v
|2 rdamedia
|
| 338 |
|
|
|a online resource
|b cr
|2 rdacarrier
|
| 511 |
0 |
|
|a Academic, Philip Heslop PhD.
|
| 520 |
8 |
|
|a Philip Heslop, PhD, Senior Lecturer in Social Work at Northumbria University, discusses the foster care system and working with foster carers.
|
| 546 |
|
|
|a Closed-captions in English.
|
| 588 |
|
|
|a Description based on XML content.
|
| 650 |
|
0 |
|a Foster home care.
|
| 650 |
|
0 |
|a Foster parents.
|
| 650 |
|
0 |
|a Social work with children.
|
| 650 |
|
0 |
|a Social work with teenagers.
|
| 650 |
|
6 |
|a Familles d'accueil.
|
| 650 |
|
6 |
|a Service social aux enfants.
|
| 650 |
|
6 |
|a Service social aux adolescents.
|
| 650 |
|
7 |
|a Foster home care.
|2 fast
|0 (OCoLC)fst00933198
|
| 650 |
|
7 |
|a Foster parents.
|2 fast
|0 (OCoLC)fst00933230
|
| 650 |
|
7 |
|a Social work with children.
|2 fast
|0 (OCoLC)fst01123490
|
| 650 |
|
7 |
|a Social work with teenagers.
|2 fast
|0 (OCoLC)fst01123551
|
| 700 |
1 |
|
|a Heslop, Philip
|q (Philip Andrew),
|e academic.
|1 https://id.oclc.org/worldcat/entity/E39PCjMcWp6TMt7MgKwVdwF7pP
|
| 758 |
|
|
|i has work:
|a Working with foster carers in social work (MovingImage)
|1 https://id.oclc.org/worldcat/entity/E39PCGtvhx8fRFvqWq3WGrQ6Xb
|4 https://id.oclc.org/worldcat/ontology/hasWork
|
| 856 |
4 |
0 |
|u http://proxy.library.tamu.edu/login?url=https://sk.sagepub.com/video/working-with-foster-carers-in-social-work
|z Connect to this streaming video
|t 0
|
| 936 |
|
|
|a BATCHLOAD
|
| 955 |
|
|
|a SAGE Knowledge Video Social Work
|
| 994 |
|
|
|a 92
|b TXA
|
| 999 |
f |
f |
|s e205b6ab-2976-4597-aa2f-0b2f55a67b5c
|i daa17f8f-2d08-492a-8252-5351e6fca9a2
|t 0
|
| 952 |
f |
f |
|a Texas A&M University
|b College Station
|c Electronic Resources
|d Available Online
|t 0
|e HV881 .W67 2019
|h Library of Congress classification
|
| 998 |
f |
f |
|a HV881 .W67 2019
|t 0
|l Available Online
|